000 00648nam a2200217 a 4500
003 DO-SdBNP
005 20250227073850.0
007 ta
008 211012e2018 dr ||||er|||| 00| 0dspa d
020 _a9789945609394
040 _aDO-SdBNP
_bspa
_cBNPHU
082 4 _222
_bA347
100 1 _aAlcántara Almánzar, José
_d1946-
_97018
245 1 3 _aEl fascinante mundo de los libros /
_cJosé Alcántara Almánzar
260 _aSanto Domingo :
_bSantuario,
_c2018
300 _a[26] p. ;
_c23 cm.
500 _aBibliografia y notas al pie de páginas.
504 _aBibliografía: p. 23- 26
590 _aInventariado 2021 / MF
942 _2ddc
_cLF2
999 _c50739
_d50739